Sinh học 12

Gorde:
Xehetasun bibliografikoak
Egile nagusia: Trần, Bá Hoành
Formatua: Liburua
Hizkuntza:Undetermined
Argitaratua: Hà Nội Giáo Dục 2006
Gaiak:
Etiketak: Etiketa erantsi
Etiketarik gabe, Izan zaitez lehena erregistro honi etiketa jartzen!
Thư viện lưu trữ: Trung tâm Học liệu Trường Đại học Cần Thơ
LEADER 00663nam a2200229Ia 4500
001 CTU_106596
008 210402s9999 xx 000 0 und d
020 |c 3100 
082 |a 570.712 
082 |b H408/L12 
100 |a Trần, Bá Hoành 
245 0 |a Sinh học 12 
245 0 |c Trần Bá Hoành, Nguyễn Minh Công 
260 |a Hà Nội 
260 |b Giáo Dục 
260 |c 2006 
526 |a Câu hỏi và bài tập Sinh phổ thông 
526 |b SP429 
650 |a Biology 
650 |x Study and teaching 
904 |i Tuyến, Q. Hiếu (sửa) 
980 |a Trung tâm Học liệu Trường Đại học Cần Thơ